TV Shows by Episode Titles Quiz Stats

 Plays Quiz not verified by Sporcle

Challenge
Share
Tweet
Embed
Score 0/44 Timer 10:00
0 Plays Today
Episode Titles TV Show % Correct
The Parking Garage
The Contest
The Puffy Shirt
Seinfeld
84.7%
The One With the Princess Leia Fantasy
The One With the Monkey
The One With the Breast Milk
Friends
82%
Simpsons Already Did It
ManBearPig
Elementary School Musical
South Park
65.6%
Diversity Day
Conflict Resolution
Niagara
The Office
64.8%
Slutty Pumpkin
Slapsgiving
Sandcastles in the Sand
How I Met Your Mother
50.3%
Walkabout
Orientation
The Constant
Lost
44.1%
Hush
Once More With Feeling
The Body
Buffy the Vampire Slayer
39%
Tooms
Clyde Bruckman's Final Repose
Musings of a Cigarette Smoking Man
X-Files
37.4%
Amok Time
The City on the Edge of Forever
Space Seed
Star Trek
37.1%
Sammy's Visit
Edith's 50th Birthday
The Draft Dodger
All in the Family
32.3%
How to Stop an Exploding Man
Homecoming
One of Us, One of Them
Heroes
30.4%
To Serve Man
Nightmare at 20,000 Feet
Time Enough At Last
The Twilight Zone
30.1%
Whacking Day
My Sister, My Sitter
Diatribe of a Mad Housewife
The Simpsons
28.2%
Goodbye, Farewell and Amen
Dear Sigmund
Death Takes a Holiday
M*A*S*H
27.7%
Home Sweet Hut
Ship Ahoax
Lovey's Secret Admirer
Gilligan's Island
26.9%
Guns 'N Neuroses
Freudian Sleep
The Maris Counselor
Frasier
26.9%
Pine Barrens
Whoever Did This
Made In America
Sopranos
25.3%
Chuckles Bites the Dust
Today I Am a Ma'am
Better Late...That's a Pun...Than Never
The Mary Tyler Moore Show
25.3%
Wally's Haircomb
Eddie's Girl
Larry's Club
Leave It to Beaver
25.3%
The No-Brainer
There's More Than One of Everything
Olivia. In the Lab. With the Revolver.
Fringe
25%
How Titus Pullo Brought Down the Republic
The Ram Has Touched the Wall
De Patre Vostro (About Your Father)
Rome
24.5%
Our Mrs. Reynolds
Out of Gas
Jaynestown
Firefly
22.6%
Episode Titles TV Show % Correct
The Hobo Code
Meditations in an Emergency
Shut the Door. Have a Seat.
Mad Men
19.4%
Planet of the Ood
The Empty Child
The Eleventh Hour
Dr. Who
18.5%
Basil the Rat
Communication Problems
The Germans
Fawlty Towers
17.5%
The Funcooker
The C Word
The Bubble
30 Rock
16.4%
Abra-Cadaver
The Good, the Bad, and the Dominatrix
Who Shot Sherlock?
CSI
16.1%
Turkeys Away
Tornado
The Contest Nobody Could Win
W.K.R.P. in Cincinnati
14.2%
The Foot
Out, Out Brief Candle
Everyone's Waiting
Six Feet Under
14.2%
Do One, Teach One, Kill One
On the Beach
Darfur
ER
13.2%
They Shoot Single People, Don't They?
Anchors Away
My Motherboard, My Self
Sex and the City
12.4%
Children Shouldn't Play With Dead Things
Malleus Maleficarum
The Monster at the End of This Book
Supernatural
10.5%
Boy-the-Earth-Talks-To
Mr. Wu
Tell Him Something Pretty
Deadwood
8.3%
Schmidt Happens
Mad Cows
Roe v. Wade, The Musical
Boston Legal
8.3%
Come, Ye Saints
Affair
Circle the Wagons
Big Love
7%
Bronzefinger
Dr. Yes
Pussycats Galore
Get Smart
6.2%
Get the F Off My Lawn
Whataphobia
The Good Old Table Hockey Game
Corner Gas
5.4%
Diefenbaker's Day Off
One Good Man, aka Thank You Kindly, Mr. Capra
All the Queen's Horses
Due South
5.4%
Ring Finger
Pill O-Matix
Sweet 'n All
Nurse Jackie
5.1%
Same Time Next Week
Disorientation
The Final Frontier
Mad About You
4.8%
Zen, or the Skill to Catch a Killer
The One-Armed Man
Drive With a Dead Girl
Twin Peaks
4.8%
Arrival
The Chimes of Big Ben
Fall Out
The Prisoner
4.6%
Men Should Weep
To Be A Somebody
One Day a Lemming Will Fly
Cracker
3.8%
Pups, Pigs and Pickle
Fair Means and Fowl
Merry Gentlemen
All Creatures Great and Small
2.4%

You're not logged in!

Compare scores with friends on all Sporcle quizzes.
OR
Log In

You Might Also Like...

Show Comments

Extras

Created Apr 22, 2010ReportNominate
Tags:Show Quiz, episode

Top Quizzes Today


Score Distribution

Your Account Isn't Verified!

In order to create a playlist on Sporcle, you need to verify the email address you used during registration. Go to your Sporcle Settings to finish the process.

Report this User

Report this user for behavior that violates our Community Guidelines.

Details: